West Ham Squad 2016/17 - Statistics

General Stats
  • This quiz has been taken 468 times
  • The average score is 17 of 30
Answer Stats
Answer % Correct
Noble
92%
Adrian
91%
Payet
88%
Cresswell
87%
Reid
87%
Carroll
86%
Lanzini
83%
Randolph
80%
Antonio
78%
Ogbonna
76%
Collins
74%
Kouyate
74%
Obiang
68%
Sakho
60%
Masuaku
58%
Byram
52%
Feghouli
47%
Oxford
46%
Zaza
43%
Ayew
40%
Tore
39%
Calleri
38%
Fernandes
37%
Fletcher
34%
Arbeloa
33%
Nordtveit
25%
Spiegel
21%
Martinez
13%
Pike
2%
Westley
1%
No matching quizzes found
Score Distribution
Percent of People with Each Score
Percentile by Number Answered
Your Score History
You have not taken this quiz